000 00819nam a2200277 4500
001 45347
010 _a9789898868282
021 _b441807/18
090 _a45347
100 _a20181221d2018 c y0pory50030103ba
101 1 _apor
102 _aPT
200 1 _aA viagem
_fVeronica Salinas, Camila Engman
_gtrad. Veronica Salinas
205 _a1.ª ed.
210 9 _aLisboa
_cOrfeu Negro,
_d2018
215 _a[36] p.
_cil.
_d22 cm
225 2 _aOrfeu mini
304 _aTít. orig.: Reisen
675 _a087.5
_vBN
_zpor
675 _a821.134.2(82)-93"20"
_vBN
_zpor
675 _a821.134.2(82)-34"20"
_vBN
_zpor
700 1 _aSalinas,
_bVeronica
701 1 _aEngman,
_bCamilla
_4440
801 0 _aPT
_bBN
_gRPC
856 4 1 _uhttp://rnod.bnportugal.gov.pt/ImagesBN/winlibimg.aspx?skey=&doc=2009315&img=119483&save=true
990 _cLIVROS